000 00973nam a22002297a 4500
005 20240530110601.0
008 160120s2013 lu a g b 000 0 ara d
020 _a9789953826134
040 _aEG-CaGPL
082 0 4 _221
_a338.19\
_bس س
100 0 _aسالم توفيق النجفى .
245 1 0 _aسياسات الامن الغذائى العربى :
_bحالة الركود فى اقتصاد عالمى متغير : رؤية للمستقبل /
_cسالم توفيق النجفى .
250 _aط1.
260 _aبيروت :
_bمركز دراسات الوحدة العربية ،
_c2013 .
300 _a238 ص ؛
_c24 سم .
490 0 _aوقفية عبدالله الطريقى للتنمية و النفط .
504 _aببليوجرافية : ص 231 - 238
650 0 4 _aالتنمية الزراعية
_zالعالم العربى .
651 0 4 _aالعالم العربى
_xالاحوال السياسية .
942 _2ddc
_cBK
999 _c62665
_d62665